The noble scholar, jurist, historian


 His Excellency Dr. Abdul Wahhab bin Ibrahim Abu Sulaiman, may Allah have mercy on him.


 He was born in Umm Al-Qura in the year 1356 AH.

نحو مشروع حضاري لنهضة العالم الإسلامي : (Record no. 2670)

MARC details
000 -LEADER
fixed length control field 01479cam a2200265 i 4500
003 - CONTROL NUMBER IDENTIFIER
control field SA-RiAUC
005 - DATE AND TIME OF LATEST TRANSACTION
control field 20241124061504.0
008 - FIXED-LENGTH DATA ELEMENTS--GENERAL INFORMATION
fixed length control field 241121s2000 ua g f100 0 ara c
040 ## - CATALOGING SOURCE
Original cataloging agency SA-JeALM
Language of cataloging ara
Transcribing agency SA-RiAUC
Description conventions rda
082 04 - DEWEY DECIMAL CLASSIFICATION NUMBER
Classification number 219
090 ## - LOCALLY ASSIGNED LC-TYPE CALL NUMBER (OCLC); LOCAL CALL NUMBER (RLIN)
Classification number (OCLC) (R) ; Classification number, CALL (RLIN) (NR) 219
Local cutter number (OCLC) ; Book number/undivided call number, CALL (RLIN) و ز ا
110 1# - MAIN ENTRY--CORPORATE NAME
Corporate name or jurisdiction name as entry element وزارة الاوقاف.
Subordinate unit المجلس الأعلى للشؤون الإسلامية.
-- مؤتمر
Location of meeting القاهرة.
Date of meeting or treaty signing 1999 :
-- القاهرة)
Number of part/section/meeting (11 :
245 10 - TITLE STATEMENT
Title نحو مشروع حضاري لنهضة العالم الإسلامي :
Remainder of title أبحاث ووقائع المؤتمر العام الحادي عشر للمجلس الأعلى للشؤون الإسلامية المنعقد بالقاهرة في الفترة من 8 - 11 ربيع الاول 1420 هـ / 22 - 25 يونيو 1999 /
Statement of responsibility, etc. إشراف وتقديم محمود حمدي زقزوق.
264 #1 - PRODUCTION, PUBLICATION, DISTRIBUTION, MANUFACTURE, AND COPYRIGHT NOTICE
Place of production, publication, distribution, manufacture القاهرة :
Name of producer, publisher, distributor, manufacturer المجلس الأعلى للشؤون الإسلامية،
Date of production, publication, distribution, manufacture, or copyright notice 2000
300 ## - PHYSICAL DESCRIPTION
Extent 768 + 191 صفحة ؛
Dimensions 25 سم
336 ## - CONTENT TYPE
Content type term نص
Content type code txt
Source rdacontent
Materials specified كتاب
337 ## - MEDIA TYPE
Media type term بدون وسيط
Media type code n
Source rdamedia
338 ## - CARRIER TYPE
Carrier type term مجلد
Carrier type code nc
Source rdacarrier
650 #7 - SUBJECT ADDED ENTRY--TOPICAL TERM
Topical term or geographic name entry element الإسلام
Form subdivision مؤتمرات
Source of heading or term aucsh
650 #7 - SUBJECT ADDED ENTRY--TOPICAL TERM
Topical term or geographic name entry element الإسلام والإصلاح الاجتماعي
Form subdivision مؤتمرات
Source of heading or term aucsh
650 #7 - SUBJECT ADDED ENTRY--TOPICAL TERM
Topical term or geographic name entry element الإسلام والإصلاح الاقتصادي
Form subdivision مؤتمرات
Source of heading or term aucsh
700 1# - ADDED ENTRY--PERSONAL NAME
Personal name زقزوق، محمود حمدي،
Dates associated with a name 1933-
Relator term مشرف.
942 ## - ADDED ENTRY ELEMENTS (KOHA)
Source of classification or shelving scheme Dewey Decimal Classification
Koha item type Books
Suppress in OPAC No
949 ## - LOCAL PROCESSING INFORMATION (OCLC)
a SA-JeALM
d 241121
u mohamedma123
n 1
Holdings
Withdrawn status Lost status Source of classification or shelving scheme Damaged status Not for loan Home library Current library Date acquired Total checkouts Full call number Barcode Date last seen Price effective from Koha item type
    Dewey Decimal Classification     DR AbdElwahab Library DR AbdElwahab Library 11/24/2024   219 و ز ا 000004164 11/24/2024 11/24/2024 Books
    Dewey Decimal Classification     DR AbdElwahab Library DR AbdElwahab Library 11/24/2024   219 و ز ا 000004165 11/24/2024 11/24/2024 Books